Every Premier League signing in 21/22 - Statistics

General Stats
  • This quiz has been taken 70 times
  • The average score is 58 of 140
Answer Stats
Club Window Signed from Signed for (€) Signing % Correct
. . Real Madrid 35 million Martin Ødegaard
95%
. . Sheffield United 28 million Aaron Ramsdale
90%
Arsenal Summer Brighton & Hove Albion 58.5 million Ben White
90%
. . Olympiacos 8 million José Sá
85%
Manchester United Summer Borussia Dortmund 85 million Jadon Sancho
80%
. . RSC Anderlecht 17.5 million Albert Sambi Lokonga
75%
Aston Villa Summer Norwich City 38.4 million Emiliano Buendía
75%
. . Bayer Leverkusen 32 million Leon Bailey
75%
. . Real Madrid 40 million Raphaël Varane
75%
. . Internazionale Free Ashley Young
70%
Manchester City Summer Aston Villa 117.5 million Jack Grealish
70%
. Winter River Plate 21.4 million Julián Alvarez
70%
Chelsea Summer Internazionale 113 million Romelu Lukaku
70%
. Winter Olympique Lyon 42.1 million Bruno Guimarães
65%
. . Juventus 17 million Cristiano Ronaldo
65%
Liverpool Summer RB Leipzig 40 million Ibrahima Konaté
65%
. . Atlético Madrid 14 million Kieran Trippier
65%
. Winter Everton 30 million Lucas Digne
65%
. Winter Porto 53 million Luis Díaz
65%
. . Barcelona Loan Philippe Coutinho
65%
. . Arsenal Free Calum Chambers
60%
. . Atalanta Loan Cristian Romero
60%
. . Southampton 29.4 million Danny Ings
60%
. . Juventus Loan Dejan Kulusevski
60%
. . Barcelona 25 million Emerson Royal
60%
Newcastle United Summer Arsenal 29.4 million Joe Willock
60%
Brentford Summer Celtic 15.7 million Kristoffer Ajer
60%
. . Aston Villa Loan Matt Targett
60%
. . Benfica 8 million Nuno Tavares
60%
. . FC Metz 16.9 million Pape Matar Sarr
60%
Leicester City Summer RB Salzburg 30 million Patson Daka
60%
. Winter Juventus 19 million Rodrigo Bentancur
60%
. . Atlético Madrid Loan Saúl Ñíguez
60%
. . Bologna 18.6 million Takehiro Tomiyasu
60%
. . Aston Villa Free Tom Heaton
60%
. . FC Lorient 10 million Yoane Wissa
60%
. . Manchester United Loan Axel Tuanzebe
55%
Tottenham Hotspur Summer Sevilla 25 million Bryan Gil
55%
. . Burnley 30 million Chris Wood
55%
. . Chelsea Loan Conor Gallagher
55%
. . Brighton & Hove Albion 15 million Dan Burn
55%
Leeds United Summer Manchester United 29.1 million Dan James
55%
. . Tottenham Hotspur Free Dele Alli
55%
West Ham United Summer Chelsea 35 million Kurt Zouma
55%
Crystal Palace Summer Chelsea 23.34 million Marc Guéhi
55%
. . Derby County Free Scott Carson
55%
. . LOSC Lille 20 million Boubakary Soumaré
50%
. . Tottenham Hotspur Free Danny Rose
50%
. . Manchester United Loan Donny van de Beek
50%
. . Club Brugge 4 million Emmanuel Dennis
50%
. Winter Mainz 05 11 million Jean-Philippe Mateta
50%
. . Olympique Lyon 17.5 million Joachim Andersen
50%
Burnley Summer Olympique Lyon 15 million Maxwel Cornet
50%
. . Rangers 14 million Nathan Patterson
50%
. . CSKA Moscow 30 million Nikola Vlašić
50%
. . Celtic 16.3 million Odsonne Édouard
50%
. Winter Dynamo Kyiv 23.5 million Vitaliy Mykolenko
50%
. Winter Colorado Rapids 1.8 million Auston Trusty
45%
. . Manchester United Loan Brandon Williams
45%
Brighton & Hove Albion Summer RB Salzburg 23 million Enock Mwepu
45%
. . Kawasaki Frontale 3 million Kaoru Mitoma
45%
. . Reading 9.3 million Michael Olise
45%
. . Tottenham Hotspur 3.5 million Moussa Sissoko
45%
. . Watford 7 million Will Hughes
45%
. . Blackburn Rovers 17.7 million Adam Armstrong
40%
. . Paris Saint-Germain Loan Alphonse Areola
40%
. . Crystal Palace Free Andros Townsend
40%
. . Chelsea Loan Armando Broja
40%
. . Chelsea Loan Billy Gilmour
40%
. . Without club Free Christian Eriksen
40%
. . Watford 2.3 million Craig Dawson
40%
Everton Summer Bayer Leverkusen 2 million Demarai Gray
40%
. . Barcelona Loan Francisco Trincão
40%
. . RB Leipzig Loan Hee-chan Hwang
40%
. . Manchester City 12.8 million Jack Harrison
40%
. . Southampton 17.6 million Jannik Vestergaard
40%
. . Werder Bremen 9.5 million Josh Sargent
40%
. . Fulham Free Marcus Bettinelli
40%
. . Chelsea 1.5 million Myles Peart-Harris
40%
. . Roma Loan Robin Olsen
40%
. . Dalian Professional Free Salomón Rondón
40%
. Winter VfL Wolfsburg 17.5 million Wout Weghorst
40%
. . RB Leipzig Loan Ademola Lookman
35%
. . Spartak Moscow Loan Alex Král
35%
. . Aston Villa Loan Anwar El Ghazi
35%
. . Barcelona 15 million Junior Firpo
35%
. . Getafe 18 million Marc Cucurella
35%
. . Fenerbahçe Free Mathias Jørgensen
35%
. . Werder Bremen 11 million Milot Rashica
35%
. . Sunderland Free Remi Matthews
35%
. . Southampton Free Ryan Bertrand
35%
Southampton Summer Chelsea 26.2 million Tino Livramento
35%
. . Kayserispor Free Aaron Lennon
30%
Norwich City Summer PAOK Salonika 11 million Christos Tzolis
30%
. . FC Midtjylland 10 million Frank Onyeka
30%
. . Stoke City 14 million Nathan Collins
30%
. . Atalanta Loan Pierluigi Gollini
30%
. . OGC Nice 3.9 million Pierre Lees-Melou
30%
Wolverhampton Wanderers Summer Angers SCO 11.1 million Rayan Aït-Nouri
30%
. . Everton Free Theo Walcott
30%
. . Southampton 5.85 million Angus Gunn
25%
. . Swansea City 2.9 million Connor Roberts
25%
. . Union Saint-Gilloise 7 million Deniz Undav
25%
. . Everton Free Joshua King
25%
. . Vålerenga Fotball Elite 2.4 million Kristoffer Klaesson
25%
. . Rochdale Free Kwadwo Baah
25%
. . Torino 7.5 million Lyanco
25%
. . Schalke 04 Loan Ozan Kabak
25%
. . Stade Brestois 12 million Romain Perraud
25%
. . Crystal Palace Free Wayne Hennessey
25%
. . Slavia Prague 8 million Abdallah Sima
20%
. . SD Huesca Loan Álvaro Fernández
20%
. . West Bromwich Albion Free Andy Lonergan
20%
. . Burnley 9.3 million Ben Gibson
20%
. . OGC Nice 4 million Hassane Kamara
20%
Watford Summer FC Nantes 10 million Imran Louza
20%
. Winter FC Midtjylland Loan Jonas Lössl
20%
. Winter Pogoń Szczecin 11 million Kacper Kozłowski
20%
. . Ajax 5 million Kjell Scherpen
20%
. . Derby County 1.18 million Luke Plange
20%
. . FC Rostov Loan Mathias Normann
20%
. Winter Without club Free Willy Caballero
20%
. . Atlético Nacional 5.2 million Yerson Mosquera
20%
. . Middlesbrough Free Ashley Fletcher
15%
. . Bournemouth Free Asmir Begović
15%
. Winter Estoril Praia 3.5 million Chiquinho
15%
. . PAOK Salonika 7.5 million Dimitrios Giannoulis
15%
. . Fenerbahçe Loan Ozan Tufan
15%
. . Fehérvár FC 2 million Bendegúz Bolla
10%
. . KAS Eupen 4.7 million Edo Kayembe
10%
. . Georgetown Hoyas Free Jacob Montes
10%
. . Parma Loan Juraj Kucka
10%
. . Stoke City Loan Peter Etebo
10%
. . Suwon Bluewings 1.2 million Sang-bin Jeong
10%
. . Girondins Bordeaux 3 million Samuel Kalu
5%
. . Grasshoppers 600k Hayao Kawabe
0%
. . Sparta Rotterdam 5 million Maduka Okoye
0%
. . Without club Free Nicolas N'Koulou
0%
. Winter Udinese 5 million Samir Caetano
0%
. . Envigado 3 million Yáser Asprilla
0%
No matching quizzes found
Score Distribution
Percent of People with Each Score
Percentile by Number Answered
Your Score History
You have not taken this quiz